Panorama sociológico do Brasil

I tiakina i:
Ngā taipitopito rārangi puna kōrero
Kaituhi matua: Leao, Antonio Carneiro (Author)
Hōputu: Pukapuka
Reo:Pōtukīhi
I whakaputaina: Río de Janeiro Centro Brasileiro de Pesquisas Educacionais 1958
Rangatū:Publicaçoes do Centro Brasileiro de Pesquisas Educacionais, 2
Ngā marau:
Ngā Tūtohu: Tāpirihia he Tūtohu
Kāore He Tūtohu, Me noho koe te mea tuatahi ki te tūtohu i tēnei pūkete!

MARC

LEADER 00000nam a2200000 a 4500
001 UCY7211
003 CL-VaPUC
008 950609e19580000BL |||||||||||||||||por|d
082 0 4 |a 301  |b LEA  |2 21 
100 |a Leao, Antonio Carneiro  |e author  |9 352557 
245 1 0 |a Panorama sociológico do Brasil 
300 |a 204 p 
942 |c BK 
945 |d 19950609 00:00:00  |a mfernand 
260 |a Río de Janeiro  |b Centro Brasileiro de Pesquisas Educacionais  |c 1958 
650 0 |a Sociología   |9 255410 
650 0 |a Cultura  |9 269059 
650 0 |a Sociología urbana  |9 268099 
650 7 |a SOCIOLOGIA RURAL  |2 CL-VaPUC  |9 264560 
650 0 |a Familias   |9 255641 
650 0 |a Movilidad social  |9 315088 
650 0 |a Racismo  |9 255805 
650 0 |a Ecología humana   |9 263207 
650 0 |a Educación  |9 258661 
650 0 |a Civilización   |9 255823 
650 7 |a RAZA  |2 CL-VaPUC  |9 336408 
651 0 |a Brasil  |9 267393 
651 0 |a América Latina   |9 255027 
583 |a last modification  |c 19950609 00:00:00  |k Rodrigo Vera 
490 0 |a Publicaçoes do Centro Brasileiro de Pesquisas Educacionais, 2 
999 |c 234639  |d 234637 
952 |0 0  |1 0  |4 0  |6 301_000000000000000_LEA_1958  |7 0  |8 P  |9 241199  |a BIBEDU  |b BIBEDU  |c BIBEDU_PB  |d 2019-11-18  |i 1516302  |o 301 LEA 1958  |p 1516302  |r 2024-01-25  |w 2019-11-18  |y BK  |k EDU